000 00711nam a22002297a 4500
999 _c6169
_d6169
003 AR-CdUCM
008 190313b ||||| |||| 00| 0 spa d
040 _aMUNICIPALIDAD PROVINCIAL DEL CUSCO
_cBIBLIOTECA MUNICIPAL DEL CUSCO
041 _hgr
082 _a888.31 /
_bJ54
100 _aJenofonte
_917833
245 _aAnabasis :
_bLa retirada de los diez mil /
260 _aMadrid :
_bAguilar,
_c1962.
300 _a90 páginas ;
_bIlustraciones,
_c23 cm.
440 _aColecciones el globo de colores
_917834
500 _aDonación de la familia Nieto
650 _aLiteratura
_983
650 _aGrecia
_92521
700 _aVelloso, Jose Miguel (traductor)
_917835
942 _2ddc
_cLIBROS
945 _acmm